<?xml version="1.0" encoding="UTF-8"?>
<record
    xmlns:xsi="http://www.w3.org/2001/XMLSchema-instance"
    xsi:schemaLocation="http://www.loc.gov/MARC21/slim http://www.loc.gov/standards/marcxml/schema/MARC21slim.xsd"
    xmlns="http://www.loc.gov/MARC21/slim">

  <leader>03292nam a2200541Ia 4500</leader>
  <controlfield tag="001">3030</controlfield>
  <controlfield tag="008">241029s9999    xx            000 0 und d</controlfield>
  <datafield tag="010" ind1=" " ind2=" ">
    <subfield code="a">2842</subfield>
  </datafield>
  <datafield tag="041" ind1=" " ind2=" ">
    <subfield code="a">Espa&#xF1;ol</subfield>
  </datafield>
  <datafield tag="082" ind1=" " ind2=" ">
    <subfield code="a">INTEC/ Cy H-0042</subfield>
  </datafield>
  <datafield tag="245" ind1=" " ind2="0">
    <subfield code="a">Conocimiento y aplicaci&#xF3;n del curr&#xED;culo educativo vigente de Lengua Espa&#xF1;ola por los docentes del Nivel Medio, Distrito Educativo de Cambita Garabito, San Crist&#xF3;bal, 2004-2005.</subfield>
  </datafield>
  <datafield tag="260" ind1=" " ind2=" ">
    <subfield code="a">San Crist&#xF3;bal</subfield>
  </datafield>
  <datafield tag="300" ind1=" " ind2=" ">
    <subfield code="a">84</subfield>
  </datafield>
  <datafield tag="520" ind1=" " ind2=" ">
    <subfield code="a">4</subfield>
  </datafield>
  <datafield tag="630" ind1=" " ind2=" ">
    <subfield code="a">Curr&#xED;culo</subfield>
  </datafield>
  <datafield tag="630" ind1=" " ind2=" ">
    <subfield code="a">Lenguaje y Lenguas-Ense&#xF1;anza</subfield>
  </datafield>
  <datafield tag="650" ind1=" " ind2=" ">
    <subfield code="a">Lengua Espa&#xF1;ola</subfield>
  </datafield>
  <datafield tag="690" ind1=" " ind2=" ">
    <subfield code="a">Sintetizado</subfield>
  </datafield>
  <datafield tag="700" ind1=" " ind2=" ">
    <subfield code="e">asesor</subfield>
    <subfield code="a">Benavides, Celso J. </subfield>
  </datafield>
  <datafield tag="700" ind1=" " ind2=" ">
    <subfield code="e">autor</subfield>
    <subfield code="a">Garabitos Tejeda, Nilsa Altagracia</subfield>
  </datafield>
  <datafield tag="700" ind1=" " ind2=" ">
    <subfield code="e">autor</subfield>
    <subfield code="a">Corpor&#xE1;n Corpor&#xE1;n, Margarita </subfield>
  </datafield>
  <datafield tag="901" ind1=" " ind2=" ">
    <subfield code="a">{"1":"Garabitos Tejeda","2":"Corpor&#xE1;n Corpor&#xE1;n"}</subfield>
    <subfield code="b">{"1":"Nilsa Altagracia","2":"Margarita "}</subfield>
  </datafield>
  <datafield tag="902" ind1=" " ind2=" ">
    <subfield code="a">1</subfield>
  </datafield>
  <datafield tag="903" ind1=" " ind2=" ">
    <subfield code="a">{"1":"Benavides"}</subfield>
    <subfield code="b">{"1":"Celso J. "}</subfield>
  </datafield>
  <datafield tag="904" ind1=" " ind2=" ">
    <subfield code="a">Maestr&#xED;a en</subfield>
  </datafield>
  <datafield tag="905" ind1=" " ind2=" ">
    <subfield code="a">Educaci&#xF3;n</subfield>
  </datafield>
  <datafield tag="906" ind1=" " ind2=" ">
    <subfield code="a">2</subfield>
  </datafield>
  <datafield tag="907" ind1=" " ind2=" ">
    <subfield code="a">NO APLICA</subfield>
  </datafield>
  <datafield tag="908" ind1=" " ind2=" ">
    <subfield code="a">NO APLICA</subfield>
  </datafield>
  <datafield tag="909" ind1=" " ind2=" ">
    <subfield code="a">Instituto Tecnol&#xF3;gico de Santo Domingo (INTEC)</subfield>
  </datafield>
  <datafield tag="910" ind1=" " ind2=" ">
    <subfield code="a">NULL</subfield>
    <subfield code="b">NULL</subfield>
  </datafield>
  <datafield tag="911" ind1=" " ind2=" ">
    <subfield code="a">["1"]</subfield>
  </datafield>
  <datafield tag="912" ind1=" " ind2=" ">
    <subfield code="a">NO APLICA</subfield>
  </datafield>
  <datafield tag="913" ind1=" " ind2=" ">
    <subfield code="a">NULL</subfield>
  </datafield>
  <datafield tag="914" ind1=" " ind2=" ">
    <subfield code="a">08 de Enero de 2007</subfield>
  </datafield>
  <datafield tag="915" ind1=" " ind2=" ">
    <subfield code="a">21/11/19 04:11</subfield>
  </datafield>
  <datafield tag="916" ind1=" " ind2=" ">
    <subfield code="a">NULL</subfield>
  </datafield>
  <datafield tag="917" ind1=" " ind2=" ">
    <subfield code="a">NULL</subfield>
  </datafield>
  <datafield tag="918" ind1=" " ind2=" ">
    <subfield code="a">NO APLICA</subfield>
  </datafield>
  <datafield tag="919" ind1=" " ind2=" ">
    <subfield code="a">["52","130"]</subfield>
  </datafield>
  <datafield tag="520" ind1=" " ind2=" ">
    <subfield code="a">En esta investigaci&#xF3;n se propuso realizar un estudio sobre el conocimiento de la fundamentaci&#xF3;n te&#xF3;rica-pr&#xE1;ctica del curr&#xED;culo educativo vigente de la Lengua Espa&#xF1;ola en el Distrito Educativo de Cambita, San Crist&#xF3;bal y establecer su correspondencia con su pr&#xE1;ctica en el aula.Este estudio fue realizado bajo un enfoque mixto (cuantitativo-cualitativo) mediante el cual se obtuvieron las conclusiones sobre la realidad en estudio. En el an&#xE1;lisis y la interpretaci&#xF3;n de los datos obtenidos se comprob&#xF3; que, evidentemente los docentes consultados en este estudio no conocen algunos aspectos b&#xE1;sicos del curr&#xED;culo en su planteamiento te&#xF3;rico-pr&#xE1;ctico. El mayor problema es el manejo funcional de la concepci&#xF3;n de la lengua como modelo de percepci&#xF3;n, an&#xE1;lisis, interpretaci&#xF3;n y comunicaci&#xF3;n de la realidad personal y socio-cultural de los sujetos. Esta insuficiencia afecta negativamente el desarrollo de la estrategia de la situaci&#xF3;n de comunicaci&#xF3;n (circunstancia real o simulada en que se usa la lengua).Los datos evidenciaron que dentro de las caracter&#xED;sticas socio-educativas del docente el indicador de logro m&#xE1;s relevante en el conocimiento y desarrollo del curr&#xED;culo de la Lengua Espa&#xF1;ola, lo exhiben aquellos que poseen nivel o grado de especializaci&#xF3;n de especializaci&#xF3;n o Post-grado (conclusi&#xF3;n desprendida de las respuestas dadas en las distintas situaciones de evaluaci&#xF3;n y la observaci&#xF3;n realizada en el proceso de investigaci&#xF3;n.La realidad expuesta establece la urgente necesidad de que la Secretar&#xED;a de Estado de Educaci&#xF3;n y sus instancias correspondientes contin&#xFA;en desarrollando el proceso de investigaci&#xF3;n-acci&#xF3;n, estableciendo como prioridad el conocimiento y aplicaci&#xF3;n del curr&#xED;culo de la Lengua Espa&#xF1;ola.</subfield>
  </datafield>
  <datafield tag="921" ind1=" " ind2=" ">
    <subfield code="a">16</subfield>
  </datafield>
  <datafield tag="922" ind1=" " ind2=" ">
    <subfield code="a">16</subfield>
  </datafield>
  <datafield tag="923" ind1=" " ind2=" ">
    <subfield code="a">0</subfield>
  </datafield>
  <datafield tag="924" ind1=" " ind2=" ">
    <subfield code="a">NO APLICA</subfield>
  </datafield>
  <datafield tag="942" ind1=" " ind2=" ">
    <subfield code="c">Tesis</subfield>
  </datafield>
  <datafield tag="999" ind1=" " ind2=" ">
    <subfield code="c">2842</subfield>
    <subfield code="d">2842</subfield>
  </datafield>
</record>
